Process modeling, simulation, and control for chemical engineers
Guardat en:
| Autor principal: | |
|---|---|
| Format: | Llibre |
| Idioma: | anglès |
| Publicat: |
Nueva York
McGraw-Hill
1973
|
| Col·lecció: | McGraw-Hill chemical engineering series
|
| Matèries: | |
| Etiquetes: |
Afegir etiqueta
Sense etiquetes, Sigues el primer a etiquetar aquest registre!
|
MARC
| LEADER | 00000nam a2200000 a 4500 | ||
|---|---|---|---|
| 001 | UCV6106 | ||
| 003 | CL-VaPUC | ||
| 008 | 930326e19730000US |||||||||||||||||eng|d | ||
| 082 | 0 | 4 | |a 660.284 |b LUY |2 21 |
| 100 | |a Luyben, William L. |e autor |9 581278 | ||
| 245 | 1 | 0 | |a Process modeling, simulation, and control for chemical engineers |
| 300 | |a 558 p | ||
| 942 | |c BK | ||
| 945 | |d 19930326 00:00:00 | ||
| 260 | |a Nueva York |b McGraw-Hill |c 1973 | ||
| 650 | 0 | |a Procesos químicos |9 259436 | |
| 650 | 0 | |a Modelos matemáticos |9 259437 | |
| 650 | 0 | |a Proceso de datos |9 259776 | |
| 650 | 0 | |a Control de procesos químicos |9 263098 | |
| 583 | |a last modification |c 19930326 00:00:00 |k Rodrigo Vera | ||
| 490 | 0 | |a McGraw-Hill chemical engineering series | |
| 999 | |c 212347 |d 212345 | ||
| 952 | |0 0 |1 0 |4 0 |6 660_284000000000000_LUY_1973 |7 0 |8 A |9 193214 |a BIBING |b BIBING |d 2019-11-14 |i 2608723 |o 660.284 LUY 1973 |p 2608723 |r 2025-01-20 |w 2019-11-14 |y BK |k EIB | ||
| 952 | |0 0 |1 0 |4 0 |6 660_284000000000000_LUY_1973 |7 0 |8 A |9 193215 |a BIBING |b BIBING |d 2019-11-14 |i 2608731 |o 660.284 LUY 1973 |p 2608731 |r 2025-01-20 |w 2019-11-14 |y BK |k EIB | ||